Muž pevných zásad Slovensko 20. storočia: Postavy a osudy

Bibliographic Details
Main Author: Krajčovičová, Natália, 1936- (Author)
Format: Article
Language:Slovak
Subjects:

MARC

LEADER 00000nab a2200000 a 4500
001 vtls000584232
003 SK-MaSNL
005 20260303011347.0
008 160216c1996 xo 0 slo
015 |a SNBRB19rr/mm-uuuuu 
035 |a CL0584371 
040 |a SNKBUCL  |b slo  |c SNKBUCL  |e AACR2 
041 0 |a slo 
044 |a xo  |c SK 
080 |a 32-051  |2 1981 
080 |a 34-051  |2 1981 
080 |a 929 Stodola, Emil  |2 1981 
100 1 |a Krajčovičová, Natália,  |d 1936-  |4 aut  |9 105704 
245 1 0 |a Muž pevných zásad  |b Slovensko 20. storočia: Postavy a osudy  |c Natália Krajčovičová 
300 |b Fotogr. 3 
600 1 7 |a Stodola, Emil,  |d 1862-1945  |2 snkbucl  |9 81629 
655 7 |a články z novín a časopisov  |2 snkbucl  |9 267496 
773 0 |t Pravda  |g Roč. 6, č. 115 (18. 5. 1996) 
773 0 |t [Príl.] Sobota plus  |g Č. 19 (1996), s. 12 
850 |a Slovenská národná knižnica v Martine  |a MTA001 
852 |a SNK  |b KIS3GCP 
958 |a BX 
958 |a RK 
992 |a RBX 
999 |c 1591713  |d 1593643